<?xml version="1.0" encoding="UTF-8"?>
<record
    xmlns:xsi="http://www.w3.org/2001/XMLSchema-instance"
    xsi:schemaLocation="http://www.loc.gov/MARC21/slim http://www.loc.gov/standards/marcxml/schema/MARC21slim.xsd"
    xmlns="http://www.loc.gov/MARC21/slim">

  <leader>00784cam a2200193 a 4500</leader>
  <datafield tag="020" ind1=" " ind2=" ">
    <subfield code="a">9789252057840</subfield>
  </datafield>
  <datafield tag="040" ind1=" " ind2=" ">
    <subfield code="c">DLC</subfield>
  </datafield>
  <datafield tag="082" ind1=" " ind2=" ">
    <subfield code="a">636 ROM 2010 C323 Or.</subfield>
  </datafield>
  <datafield tag="245" ind1="1" ind2="0">
    <subfield code="a">Strengthening capacity for climate change adaptation in the agriculture sector in Ethiopia :</subfield>
    <subfield code="b">proceedings from national workshop held in Nazreth, Ethiopia, 5-6 July 2010 /</subfield>
  </datafield>
  <datafield tag="260" ind1=" " ind2=" ">
    <subfield code="a">Rome, Italy :</subfield>
    <subfield code="b">FAO,</subfield>
    <subfield code="c">c2011.</subfield>
  </datafield>
  <datafield tag="300" ind1=" " ind2=" ">
    <subfield code="a">xiv, 138 p. :</subfield>
    <subfield code="b">col. ill., maps ;</subfield>
    <subfield code="c">30 cm.</subfield>
  </datafield>
  <datafield tag="490" ind1="0" ind2=" ">
    <subfield code="a">Environment and natural resources management working paper ;</subfield>
  </datafield>
  <datafield tag="650" ind1=" " ind2="0">
    <subfield code="a">Agriculture</subfield>
  </datafield>
  <datafield tag="650" ind1=" " ind2="0">
    <subfield code="a">Climatic changes</subfield>
  </datafield>
  <datafield tag="710" ind1="2" ind2=" ">
    <subfield code="a">Food and Agriculture Organization of the United Nations.</subfield>
  </datafield>
  <datafield tag="710" ind1="2" ind2=" ">
    <subfield code="a">Climate Change Forum-Ethiopia.</subfield>
  </datafield>
  <datafield tag="856" ind1="4" ind2="1">
    <subfield code="u">http://www.loc.gov/catdir/toc/fy13pdf02/2012311037.html</subfield>
  </datafield>
  <datafield tag="942" ind1=" " ind2=" ">
    <subfield code="c">AEDBB</subfield>
  </datafield>
  <datafield tag="999" ind1=" " ind2=" ">
    <subfield code="c">20249</subfield>
    <subfield code="d">20249</subfield>
  </datafield>
  <datafield tag="952" ind1=" " ind2=" ">
    <subfield code="0">0</subfield>
    <subfield code="1">0</subfield>
    <subfield code="4">0</subfield>
    <subfield code="6">636_000000000000000_ROM_2010_C323_OR</subfield>
    <subfield code="7">0</subfield>
    <subfield code="9">90205</subfield>
    <subfield code="a">LBC</subfield>
    <subfield code="b">LBC</subfield>
    <subfield code="c">C323</subfield>
    <subfield code="d">2022-08-12</subfield>
    <subfield code="o">636 ROM 2010 C323 Or.</subfield>
    <subfield code="p">A069813</subfield>
    <subfield code="r">2022-08-12</subfield>
    <subfield code="w">2022-08-12</subfield>
    <subfield code="y">AEDBB</subfield>
  </datafield>
</record>
